000 00825nam a2200265 i 4500
001 C2-0243090
003 PPAK
005 20180727204910.0
008 021010s2002 my |||| ||||| | may d
020 _a9831920481
040 _aPPAK
_beng
_cPPAK
_erda
082 0 4 _a152.46
_223
090 0 0 _a152.46
_bHAI
_dG
100 0 _aHairunnaja Najmuddin,
_eauthor
245 1 0 _aPsikologi ketenangan hati :
_bpanduan merawat jiwa yang selalu gundah dan gelisah
264 1 _aBentong, Pahang :
_bPTS Publications & Distributors ,
_c2002
300 _av, 197 pages ;
_c22 cm
336 _2rdacontent
_atext
337 _2rdamedia
_aunmediated
338 _2rdacarrier
_avolume
490 1 _aSiri kaunseling
650 1 0 _aWorry psychology ; Counseling - Religious aspects - Islam
830 0 _aSiri kaunseling
942 _ddc
_cB
999 _c57737
_d57737